Celoživotné vzdelávanie a rozvoj zamestnancov bakalárska práca

Gespeichert in:
Bibliographische Detailangaben
1. Verfasser: Sklenčárová, Michaela
Körperschaft: Fakulta podnikového manažmentu EU. Katedra manažmentu
Weitere Verfasser: Matulčíková, Marta, 1964-
Format: Buch
Sprache:Slowakisch
Veröffentlicht: Bratislava 2010
Tags: Tag hinzufügen
Keine Tags, Fügen Sie das erste Tag hinzu!

MARC

LEADER 00000nbm a2200000 4500
001 0133652
005 20170315090424.0
041 0 |a slo 
044 |a SK 
245 1 0 |a Celoživotné vzdelávanie a rozvoj zamestnancov  |b bakalárska práca  |c Michaela Sklenčárová ; školiteľ: Marta Matulčíková 
264 1 |a Bratislava  |c 2010 
300 |a 44 s. 
100 1 |a Sklenčárová, Michaela 
700 1 |a Matulčíková, Marta, 1964- 
710 2 |a Fakulta podnikového manažmentu EU. Katedra manažmentu